000
00237nam a22000977a 4500
008
250708b |||||||| |||| 00| 0 eng d
020
_a
9781472311313
100
_a
Parragon
_9
6945
245
_a
Our Earth
260
_a
New Delhi
_b
Parragon
_c
2016
999
_c
12763
_d
12763